| 000 | 00474nam a2200193Ia 4500 | ||
|---|---|---|---|
| 008 | 170918s9999 xx 000 0 und d | ||
| 020 | _a9780545394567 | ||
| 050 | _bS539 2011 | ||
| 100 | _aShecter, Vicky Alvear | ||
| 245 | _aCleopatra's moon / | ||
| 245 | _cVicky Alvear Shecter. | ||
| 260 | _aNew York : | ||
| 260 | _bArthur A. Levine Books, | ||
| 260 | _c2011 | ||
| 300 | _a355 pages : | ||
| 300 | _bcolored illustration ; | ||
| 300 | _c20cm. | ||
| 500 | _a730 | ||
| 999 |
_c342022 _d342022 |
||